000 00786nam a2200241 a 4500
001 BRL_1676
005 20190320211322.0
008 230414s1942----mx-ab#####---#000-0#spa-#
041 _aspa
044 _amx
050 4 _aF1219.1.M53
_b.C43 1942
100 1 _aCeballos Novelo, Roque J.
_d1885-
_927604
245 1 0 _aCulturas del Valle de México
_barcaica, teotihuacana, azteca
_cRoque J. Ceballos Novelo.
260 _aMéxico, D.F.
_bEl Nacional
_c1942
300 _a138 p.
_bil., mapas
_c20 cm.
440 0 _aBiblioteca del Maestro
_v29
_927605
500 _aAu2138
504 _aBibliografía: p. 133-135
650 1 4 _aIndígenas de México
_zMéxico, Valle de (México)
_927606
651 4 _aMéxico, Valle de (México)
_xAntigüedades
_927607
902 _aGRL
942 _2lcc
_cB
999 _c10485
_d10485